Bundesliga Torschützenliste 23/24 - Statistiken

Allgemein
  • Dieses Quiz wurde 46 mal gespielt
  • Das Durchschnittsergebnis liegt bei 9 aus 15
Antwortstatistiken
Mannschaft Spieler % Korrekt
1. Bayern München Harry Kane
98%
4. VFB Stuttgart Deniz Undav
89%
2. VFB Stuttgart Serhou Guirassy
77%
7. TSG 1899 Hoffenheim Andrej Kramaric
70%
12. Borussia Dortmund und Werder Bremen Niclas Füllkrug
68%
3. RB Leipzig Lois Openda
64%
15. Bayer 04 Leverkusen Florian Wirtz
61%
14. 1. FC Heidenheim Tim Kleindienst
61%
8. Bayer 04 Leverusen Victor Boniface
61%
11. Werder Bremen Marvin Duksch
50%
13. Eintracht Frankfurt Omar Marmoush
48%
6. FC Augsburg Ermedin Demirovic
45%
9. RB Leipzig Benjamin Sesko
39%
5. TSG 1899 Hoffenheim Maximilian Beier
39%
10. Borussia Dortmund Donyell Malen
23%
Keine übereinstimmenden Quizze gefunden
Verteilung der Resultate
Anzahl Personen mit jedem Resultat
Perzentil nach korrekt beantworteten Fragen
Ihre Resultats-Entwicklung
Sie haben dieses Quiz noch nicht gespielt